00604nam a22002057a 450000500170000001000110001702000100002803500130003803700160005104000120006708200160007910000280009524501360012326000410025927000110030030000200031150000190033165000120035065000360036220170124110210.0 a410713 c00.00 aA-953382 bCen Lib/Ret aDPLbEN a181.46bSAT aSatprakashananda, Swami aMethods of knowledge :cby Swami Satprakashanandab perceptual, non-perceptual, and transcendental according to Advaita Vedà„nta / bGeorge Allen and UnwinaLondonc1965 bLondon a366p.c21cm(Hb) aIncludes index aAdvaita aKnowledge, Theory of (Hinduism)